| 000 | 01240nam a2200325Ia 4500 | ||
|---|---|---|---|
| 001 | Z_6576 | ||
| 003 | CHAP | ||
| 005 | 20230912145412.0 | ||
| 008 | 220113s2013 xx 000 0 und d | ||
| 010 | _a169847 | ||
| 040 | _cCHAP | ||
| 090 | _aTesis C57 2317 | ||
| 100 |
_aCisneros Prado, María Jetzabel _923459 |
||
| 245 |
_aInfluencia de cambio de jaula y lactación controlada en conejas inseminadas artificialmentee inducidas a la ovulación con gonadorelina y fertirelina / _cMaría Jetzabel Cisneros Prado |
||
| 260 |
_aMéxico : _bEl autor, _c2013 |
||
| 300 | _aCD | ||
| 502 | _aTesis (Maestro en Ciencias en Innovación Ganadera) -- UACh, 2013 \ Dirección: Raymundo Rodríguez de Lara; asesoría: Raymundo Rangel Santos y Demetrio Ambriz García | ||
| 650 |
_aBioestímulo _9145236 |
||
| 650 |
_aConejos _926352 |
||
| 650 |
_aInducción a la ovulación _9145237 |
||
| 700 |
_a Ambriz García, Demetrio, asesor _9145155 |
||
| 700 |
_a Rangel Santos, Raymundo, asesor _9144046 |
||
| 700 |
_aRodríguez de Lara, Raymundo, director _9142243 |
||
| 856 | 4 | 2 |
_uhttp://10.13.5.2/tesis/sist110901.pdf _yDescargar PDF |
| 901 | _aTESIS C57 2317 | ||
| 902 | _aA | ||
| 910 | _a2013 | ||
| 942 |
_c2 _2ddc |
||
| 942 |
_c2 _2ddc |
||
| 999 |
_c169847 _d169847 |
||